Countries With V - Statistics

General Stats
  • This quiz has been taken 51 times
    23 since last reset
  • The average score is 11 of 18
Answer Stats
Country % Correct
Venezuela
90%
Vanuatu
85%
Vietnam
85%
Cabo Verde
75%
Vatican City
70%
Bosnia and Herzegovina
65%
Slovakia
65%
Slovenia
65%
Tuvalu
65%
Kosovo
60%
Saint Kitts and Nevis
60%
Saint Vincent and the Grenadines
60%
Ivory Coast
55%
Latvia
55%
Bolivia
50%
Maldives
50%
El Salvador
40%
Moldova
40%
No matching quizzes found
Score Distribution
Percent of People with Each Score
Percentile by Number Answered
Your Score History
You have not taken this quiz since the last reset